000
00324nam a22001457a 4500
003
SGT
020
_a
978-81-312-4220-9
082
_a
611
_b
G17D
100
_a
DRAKE, RICHARD
245
_a
GRAY'S ANATOMY FOR STUDENTS
260
_a
PHILADELPHIA
_b
ELSEVIER
_c
2017
300
_a
809
650
_a
ANATOMY
942
_2
ddc
_c
BK
999
_c
15532
_d
15532